Cameroon : Poverty Reduction Strategy Paper-Progress Report- Joint Staff Advisory Note.

The fourth annual progress report on the implementation of the Poverty Reduction Strategy (PRS) provides a generally candid review of achievements and obstacles in implementation during 2006. The current report incorporates to a limited extent IMF staff recommendations from the previous Joint Staff...

Täydet tiedot

Bibliografiset tiedot
Yhteisötekijä: International Monetary Fund
Aineistotyyppi: Aikakauslehti
Kieli:English
Julkaistu: Washington, D.C. : International Monetary Fund, 2008.
Sarja:IMF Staff Country Reports; Country Report ; No. 2008/002
Linkit:Full text available on IMF
LEADER 01650cas a2200241 a 4500
001 AALejournalIMF009749
008 230101c9999 xx r poo 0 0eng d
020 |c 5.00 USD 
020 |z 9781451808254 
022 |a 1934-7685 
040 |a BD-DhAAL  |c BD-DhAAL 
110 2 |a International Monetary Fund. 
245 1 0 |a Cameroon :   |b Poverty Reduction Strategy Paper-Progress Report- Joint Staff Advisory Note. 
264 1 |a Washington, D.C. :  |b International Monetary Fund,  |c 2008. 
300 |a 1 online resource (8 pages) 
490 1 |a IMF Staff Country Reports 
500 |a <strong>Off-Campus Access:</strong> No User ID or Password Required 
500 |a <strong>On-Campus Access:</strong> No User ID or Password Required 
506 |a Electronic access restricted to authorized BRAC University faculty, staff and students 
520 3 |a The fourth annual progress report on the implementation of the Poverty Reduction Strategy (PRS) provides a generally candid review of achievements and obstacles in implementation during 2006. The current report incorporates to a limited extent IMF staff recommendations from the previous Joint Staff Advisory Note (JSAN). The ongoing preparation of an updated PRS provides an opportunity to address more forcefully growth bottlenecks in Cameroon. The report covers a period of good external and fiscal performance, but accompanied by a significant decline in economic growth. 
538 |a Mode of access: Internet 
830 0 |a IMF Staff Country Reports; Country Report ;  |v No. 2008/002 
856 4 0 |z Full text available on IMF  |u http://elibrary.imf.org/view/journals/002/2008/002/002.2008.issue-002-en.xml  |z IMF e-Library